Vainqueurs du Rallye Dakar (Auto) - Statistiques

Statistiques générales
  • Ce quiz a été pris 42 fois
    11 depuis la dernière actualisation
  • Le résultat moyen est 19 sur 47
Statistiques - réponses
Année Nat Marque Pilote Nat Co-pilote % Correct
2004 FRA Mitsubishi Stéphane Peterhansel FRA Jean-Paul Cottret
100%
2005 FRA Mitsubishi Stéphane Peterhansel FRA Jean-Paul Cottret
100%
2007 FRA Mitsubishi Stéphane Peterhansel FRA Jean-Paul Cottret
100%
2012 FRA Mini Stéphane Peterhansel FRA Jean-Paul Cottret
100%
2013 FRA Mini Stéphane Peterhansel FRA Jean-Paul Cottret
100%
2016 FRA Peugeot Stéphane Peterhansel FRA Jean-Paul Cottret
100%
2017 FRA Peugeot Stéphane Peterhansel FRA Jean-Paul Cottret
100%
2021 FRA Mini Stéphane Peterhansel FRA Édouard Boulanger
100%
2010 ESP Volkswagen Carlos Sainz ESP Lucas Cruz
78%
2018 ESP Peugeot Carlos Sainz ESP Lucas Cruz
78%
2020 ESP Mini Carlos Sainz ESP Lucas Cruz
78%
2024 ESP Audi Carlos Sainz ESP Lucas
78%
2011 QAT Volkswagen Nasser al-Attiyah ALL Timo Gottschalk
67%
2015 QAT Mini Nasser al-Attiyah FRA Matthieu Baumel
67%
2019 QAT Toyota Nasser al-Attiyah FRA Matthieu Baumel
67%
2022 QAT Toyota Nasser al-Attiyah FRA Matthieu Baumel
67%
2023 QAT Toyota Nasser al-Attiyah FRA Matthieu Baumel
67%
1987 FIN Peugeot Ari Vatanen FRA Bernard Giroux
56%
1989 FIN Peugeot Ari Vatanen SUE Bruno Berglund
56%
1990 FIN Peugeot Ari Vatanen SUE Bruno Berglund
56%
1991 FIN Citroën Ari Vatanen SUE Bruno Berglund
56%
1999 FRA Schlesser Jean-Louis Schlesser FRA Philippe Monnet
33%
2000 FRA Schlesser Jean-Louis Schlesser FRA Henri Magne
33%
2006 FRA Mitsubishi Luc Alphand FRA Gilles Picard
33%
2026 QAT Dacia Nasser al-Attiyah BEL Fabian Lurquin
33%
1983 BEL Mercedes-Benz Jacky Ickx FRA Claude Brasseur
22%
2014 ESP Mini Nani Roma FRA Michel Périn
22%
2025 ARS Toyota Yazeed al-Rajhi ALL Timo Gottschalk
22%
2009 RSA Volkswagen Giniel de Villiers RSA Dirk von Zitzewitz
11%
2002 JPN Mitsubishi Hiroshi Masuoka FRA Pascal Maimon
11%
2003 JPN Mitsubishi Hiroshi Masuoka ALL Andreas Schulz
11%
1988 FIN Peugeot Juha Kankkunen FIN Juha Piironen
11%
2001 ALL Mitsubishi Jutta Kleinschmidt ALL Andreas Schulz
11%
1979 FRA Land Rover Alain Génestier FRA Jean Lemordant
0%
1993 FRA Mitsubishi Bruno Saby FRA Dominique Serieys
0%
1982 FRA Renault Claude Marreau FRA Bernard Marreau
0%
1980 SUE Volkswagen Freddy Kottulinsky ALL Gerd Löffelmann
0%
1992 FRA Mitsubishi Hubert Auriol FRA Philippe Monnet
0%
1998 FRA Mitsubishi Jean-Pierre Fontenay FRA Gilles Picard
0%
1997 JPN Mitsubishi Kenjirō Shinozuka FRA Henri Magne
0%
1985 FRA Mitsubishi Patrick Zaniroli FRA Jean da Silva
0%
1994 FRA Citroën Pierre Lartigue FRA Michel Périn
0%
1995 FRA Citroën Pierre Lartigue FRA Michel Périn
0%
1996 FRA Citroën Pierre Lartigue FRA Michel Périn
0%
1981 FRA Land Rover René Metge FRA Bernard Giroux
0%
1984 FRA Porsche René Metge FRA Dominique Lemoyne
0%
1986 FRA Porsche René Metge FRA Dominique Lemoyne
0%
Aucun quiz correspondant
Distribution des résultats
% des personnes avec chaque résultat
Percentile par nombre de réponses
Votre historique - résultats
Vous n’avez pas pris ce quiz depuis la dernière actualisation